| 000 | 00708cam a2200253 a 4500 | ||
|---|---|---|---|
| 001 | 000008860 | ||
| 005 | 20200929161427.0 | ||
| 008 | 750114s1991 sp a 000 f spa d | ||
| 020 | _a8432202649 | ||
| 040 |
_aDO-SdBNP _bspa _cLC _dBNPHU |
||
| 082 |
_aM863.44 _bF954c, 1991 |
||
| 100 | 1 |
_aFuentes, Carlos, _d1928- _99774 |
|
| 245 | 1 | 0 |
_aCambio de piel / _cCarlos Fuentes. |
| 250 | _a5a ed. | ||
| 260 |
_aBarcelona : _bSeix Barral, _c1991. |
||
| 300 |
_a502 p. : _bil. ; _c20 cm. |
||
| 490 | 1 | _aBiblioteca breve | |
| 650 | 4 |
_aNovela mexicana _93959 |
|
| 650 | 4 |
_aLiteratura mexicana _91922 |
|
| 830 | 0 |
_aBiblioteca breve _913442 |
|
| 910 | _aCatalogación por copia / LC | ||
| 910 | _aWM | ||
| 049 | _aBNGR | ||
| 999 |
_c8629 _d8629 |
||